| 000 | 01144nam a2200301 i 4500 | ||
|---|---|---|---|
| 003 | EG-GICUC | ||
| 005 | 20260121101408.0 | ||
| 008 | 251130s1977 sz ad||fr|||| 000 0 eng d | ||
| 040 |
_aEG-GiCUC _beng _cEG-GiCUC _dEG-GiCUC _erda |
||
| 041 | _aeng | ||
| 082 | 0 | 4 |
_221 _a341.33 _bPR |
| 092 | 0 | 4 | _221 |
| 099 | _aLaw1 11 341.33 PR 1977 | ||
| 245 | 0 | 0 |
_aProtocols Additional To The Geneva Conventions Of 12 August 1949 / _cInternational Committee Of The Red Cross. |
| 264 | 3 |
_aGeneva : _bInternational Committee Of The Red Cross, _c1977. |
|
| 300 |
_a124 pages : _bcolored illustrations, tables, and charts ; _c24 cm. |
||
| 336 |
_2rda content _atext |
||
| 337 |
_2rda media _aComputer |
||
| 338 |
_2rda carrier _aOnline Resource |
||
| 500 | _aResolutions Of The Diplomatic Conference. | ||
| 500 | _aExtracts From The Final Act Of The Diplomatic Conference. | ||
| 650 | 1 | 4 | _aPublic international law |
| 651 | 1 | _2qrmak | |
| 711 |
_a(Protocols Additional To The Geneva Conventions Of 12 August 1949 : _d1977 : _cGeneva ). |
||
| 856 | 4 | 0 | _uhttps://fll.law.cu.edu.eg/fulltext/bks/B11-05856.pdf |
| 905 |
_a5 _eHassnaa |
||
| 942 |
_2ddc _cBK _e21 _n0 |
||
| 999 |
_c47462 _d47462 |
||